00321nam a22001097a 4500020001800000040000900018082001500027100001700042245008000059260003500139650003700174 a9781138075828 cNUST a620.82 BOY a Boy, Guy A. aThe Handbook of Human-Machine Interaction: A Human-Centered Design Approach aBoca Raton:bCRC Press,c2017. aHuman-machine systems.NUSTTB2022